| 000 | 00815nam a2200289Ia 4500 | ||
|---|---|---|---|
| 008 | 160803s9999 xx 000 0 und d | ||
| 020 | _a9780545356398 | ||
| 100 | _aO'Dell, Scott | ||
| 245 | _aSing down the moon / | ||
| 245 | _cScott O'Dell. | ||
| 260 | _aNew York : | ||
| 260 | _bScholastic Inc. | ||
| 260 | _c1970 | ||
| 300 | _a137 pages ; | ||
| 300 | _c20 cm | ||
| 500 | _aOriginally published: Boston : Houghton Mifflin, 1970. | ||
| 650 | _aIndians of North America -- Southwest, New -- | ||
| 650 | _aIndians of North America -- Southwest, New -- | ||
| 650 | _aIndians of North America. | ||
| 650 | _aNavajo Indians -- | ||
| 650 | _aNavajo Indians -- | ||
| 650 | _xFiction. | ||
| 650 | _xFiction. | ||
| 650 | _xJuvenile fiction. | ||
| 650 | _xJuvenile fiction. | ||
| 700 | _a820 | ||
| 999 |
_c298678 _d298678 |
||